| 000 | 005110000a22002050004500 | ||
|---|---|---|---|
| 003 | LK-CoMWRAF | ||
| 005 | 20231019211845.0 | ||
| 008 | 230817t ||||| |||| 00| 0 eng d | ||
| 020 | _a0140255621 | ||
| 040 |
_aLK-CoMWRAF _dLK-CoMWRAF _eLK-CoMWRAF |
||
| 041 | _aeng | ||
| 082 |
_a823 _bMUL |
||
| 100 | _aMuller, Carl | ||
| 245 |
_aColombo : _bA novel |
||
| 260 |
_aNew Delhi : _bPenguin books, _c1995 |
||
| 300 | _a481p | ||
| 650 | _aEnglish Fiction | ||
| 650 | _aSri Lankan--English Fiction | ||
| 942 | _cBK | ||
| 999 |
_c1125 _d1125 |
||